What the U.S. can learn from China : (Record no. 14195)

000 -LEADER
fixed length control field 01383cam a22003254a 4500
001 - CONTROL NUMBER
control field 16948329
005 - DATE AND TIME OF LATEST TRANSACTION
control field 20170105102849.0
008 - FIXED-LENGTH DATA ELEMENTS--GENERAL INFORMATION
fixed length control field 110906s2012 cau b 001 0 eng
010 ## - LIBRARY OF CONGRESS CONTROL NUMBER
LC control number 2011036502
020 ## - INTERNATIONAL STANDARD BOOK NUMBER
International Standard Book Number 9781609941246 (hardcover : alk. paper)
040 ## - CATALOGING SOURCE
Original cataloging agency DLC
Transcribing agency DLC
Modifying agency DLC
042 ## - AUTHENTICATION CODE
Authentication code pcc
043 ## - GEOGRAPHIC AREA CODE
Geographic area code a-cc---
-- n-us---
050 00 - LIBRARY OF CONGRESS CALL NUMBER
Classification number JQ1510
Item number .L44 2012
082 00 - DEWEY DECIMAL CLASSIFICATION NUMBER
Classification number 320.951
Edition number 23
100 1# - MAIN ENTRY--PERSONAL NAME
Personal name Lee, Ann,
Titles and words associated with a name MBA.
245 10 - TITLE STATEMENT
Title What the U.S. can learn from China :
Remainder of title an open-minded guide to treating our greatest competitor as our greatest teacher /
Statement of responsibility, etc. Ann Lee.
246 3# - VARYING FORM OF TITLE
Title proper/short title What the United States can learn from China
250 ## - EDITION STATEMENT
Edition statement 1st ed.
260 ## - PUBLICATION, DISTRIBUTION, ETC.
Place of publication, distribution, etc. San Francisco :
Name of publisher, distributor, etc. Berrett-Koehler Publishers,
Date of publication, distribution, etc. 2012.
300 ## - PHYSICAL DESCRIPTION
Extent xvii, 267 p. ;
Dimensions 24 cm.
504 ## - BIBLIOGRAPHY, ETC. NOTE
Bibliography, etc. note Includes bibliographical references and index.
505 0# - FORMATTED CONTENTS NOTE
Formatted contents note The China miracle -- Confucian philosophy -- Meritocracy -- Five-year plans -- Special economic zones -- Real economy first -- Soft power -- Cocreating a better world -- Epilogue: what China can learn from America.
651 #0 - SUBJECT ADDED ENTRY--GEOGRAPHIC NAME
Geographic name China
General subdivision Politics and government
Chronological subdivision 1949-
651 #0 - SUBJECT ADDED ENTRY--GEOGRAPHIC NAME
Geographic name United States
General subdivision Relations
Geographic subdivision China.
651 #0 - SUBJECT ADDED ENTRY--GEOGRAPHIC NAME
Geographic name China
General subdivision Relations
Geographic subdivision United States.
906 ## - LOCAL DATA ELEMENT F, LDF (RLIN)
a 7
b cbc
c orignew
d 1
e ecip
f 20
g y-gencatlg
942 ## - ADDED ENTRY ELEMENTS (KOHA)
Source of classification or shelving scheme
Koha item type Book
Holdings
Withdrawn status Lost status Damaged status Not for loan Collection code Permanent Location Current Location Shelving location Date acquired Total Checkouts Full call number Barcode Date last seen Price effective from Koha item type
          Centre for International Peace & Stability (CIPS) Centre for International Peace & Stability (CIPS) General Stacks 08/20/2013   320.951 LEE 2012 CIPS0000690 08/20/2013 08/20/2013 Book
© 2023 Central Library, National University of Sciences and Technology. All Rights Reserved.